| 000 | 01142nam a22003495a 4500 | ||
|---|---|---|---|
| 001 | 15015402 | ||
| 003 | EG-ScBUE | ||
| 005 | 20220414120435.0 | ||
| 008 | 070920r20061970le f 000 1 eng d | ||
| 020 | _a995386232* : | ||
| 020 | _a995386232X | ||
| 020 | _a9789953862323 | ||
| 040 |
_aDLC _beng _erda _cDLC _dEG-ScBUE |
||
| 082 | 0 | 4 |
_a823.9 _bORW _222 |
| 100 | 1 |
_aOrwell, George, _d1903-1950, _eauthor. _934495 |
|
| 245 | 1 | 0 |
_aAnimal farm : _ba fair story : with biography, introduction glossary and select bibliography / _cGeorge Orwell. |
| 250 | _aReprint edition. | ||
| 264 | 1 |
_aBeirut : _bLibrairie du Liban, _c2006. |
|
| 300 |
_axi, 123 pages ; _c24 cm. |
||
| 336 |
_2rdacontent _atext _btxt |
||
| 337 |
_2rdamedia _aunmediated _bn |
||
| 338 |
_2rdacarrier _avolume _bnc |
||
| 490 | 0 | _aLibrairie du liban paperbacks | |
| 650 | 7 |
_918 _aDomestic animals _vFiction. _2BUEsh |
|
| 650 | 7 |
_920 _aTotalitarianism _vFiction. _2BUEsh |
|
| 651 | _2BUEsh | ||
| 653 |
_bHHUUEENN _cApril2022 |
||
| 655 |
_vReading book _934232 |
||
| 906 |
_bibc _corignew _d2 _eepcn _f20 _gy-gencatlg |
||
| 942 |
_2ddc _cBB _k823.9 ORW |
||
| 999 |
_c10055 _d10055 |
||